Fast typing to 20 in written form - Statistics

General Stats
  • This quiz has been taken 227 times
  • The average score is 16 of 20
Answer Stats
Answer % Correct
one
100%
three
98%
two
98%
five
97%
four
97%
six
96%
eight
94%
seven
94%
ten
91%
nine
90%
eleven
88%
twelve
84%
thirteen
79%
fourteen
74%
fifteen
68%
sixteen
68%
seventeen
63%
eighteen
58%
nineteen
53%
twenty
50%
No matching quizzes found
Score Distribution
Percent of People with Each Score
Percentile by Number Answered
Your Score History
You have not taken this quiz